02241nam a22003497a 4500952011100000952010100111952009500212952011100307952010800418999001900526005001700545008004100562020001800603050001900621100003900640245009800679246004600777260004100823300003500864490002500899505020500924519011201129519012201241519012201363519012201485519012201607650003701729650003001766650004201796700004101838942001201879 00104070a04b04d2016-12-06l9m1oHM743.F33 R65p04 006372r2019-09-24s2019-09-24t1w2016-12-06yLB 00102lcc4070a09b09d2017-03-23l0oHM743.F33 R65p09 004525r2017-03-23t1w2017-03-23yLB 00104070a07b07d2017-11-21l0oHM743.F33 R65p07 006301r2017-11-21t1w2017-11-21yLB 00104070a08b08d2018-02-12l11m5oHM743.F33 R65p08 006517r2022-10-19s2022-10-19t1w2018-02-12yLB 00104070a22b22d2018-02-26l12oHM743.F33 R65p06 003801r2020-01-20s2020-01-20t1w2018-02-26yLB c101449d10144920231102152012.0161206s2014 mx a 001 0 spa d a9786077757962 4aHM743.F33bR651 aRojas Sánchez, Fernandoe, autor10aFacebook para la empresa en #4pasosc / Fernando, Rojas Sánchez, Ricardo Sánchez Marchand3 aFacebook para la empresa en cuatro pasos  aMéxicob : Ediciones Felouc, 2014 a101 páginasb: ilustraciones0 aColección Negocios0 aPara recordar ¿De qué se trata el marketing en las redes sociales? Estrategias Contenido Moderación de comunidades Resultados Facebook como una herramienta de comunicación interna  aPlan Flexible / bMercadotecnia Digital / cComunicación en Mercadotecnia Digital (P04-2) / d(04 006372) aPlan Flexible / bMercadotecnia Digital / cTemas Selectos de Mercadotecnia en Redes Sociales (P17-3) / d(06 003801) aPlan Flexible / bMercadotecnia Digital / cTemas Selectos de Mercadotecnia en Redes Sociales (P17-3) / d(08 006517) aPlan Flexible / bMercadotecnia Digital / cTemas Selectos de Mercadotecnia en Redes Sociales (P17-3) / d(09 004525) aPlan Flexible / bMercadotecnia Digital / cTemas Selectos de Mercadotecnia en Redes Sociales (P17-3) / d(07 006301)14aFACEBOOK (RECURSO ELECTRÓNICO)24aREDES SOCIALES EN LÍNEA24aEMPRESASxINNOVACIONES TECNOLÓGICAS1 aRicardo, Sánchez Marchande, autor cLB2lcc